| 000 | 00621nam a2200157 i 4500 | ||
|---|---|---|---|
| 001 | bg | ||
| 245 | 0 |
_aAgeing phenomena in solid dielectrics and methods of their testing : _bInternational Colloquium Wrocław September 16-19 1975. |
|
| 260 |
_aWrocław, _c1975. |
||
| 490 | 1 |
_aPrace Naukowe Instytutu Podstaw Elektrotechniki i Elektrotechnologii Politechniki Wrocławskiej ; _v12 |
|
| 830 | _aPrace Naukowe Instytutu Podstaw Elektrotechniki i Elektrotechnologii Politechniki Wrocławskiej ; | ||
| 040 | _cBPK | ||
| 041 | _apol | ||
| 080 | _a537.226:621.315 | ||
| 942 | _cKS | ||
| 008 | s pl f |000 0 pol | ||
| 999 |
_c16375 _d16375 |
||
| 856 |
_uhttp://koha.tu.koszalin.pl/cgi-bin/koha/opac-detail.pl?biblionumber=16375 _yKatalog online BPK |
||